01291nab a22002417a 4500999001500000003000400015005001700019008004100036040000700077100004400084245012500128260007300253300001500326500007200341505026400413505008900677650003500766650003400801650003300835650002900868773013900897942001301036 c5694d5694OSt20251227010101.0190603e xxum|||| |||| 00| 0 spa d cPJ aAbdelnabe Vila, María Carolina 9622610aSoldados de primera fila :blos desafíos de la inteligencia artificial generativa /cMaría Carolina Abdelnabe Vila.  cCiudad Autónoma de Buenos Aires :aThomson Reuters La Ley, b2025. ap. 333-338 aCita: TR LALEY AR/DOC/1767/2025 Publicado en: RCCyC 2025 (agosto). aSumario: I. Introducción.— II. ¿A qué nos referimos cuando hablamos de la inteligencia artificial generativa?— III. Identificación de los desafíos para poder encontrar sus soluciones.— IV. Conclusiones: ¿existe en verdad una amenaza fantasma?  t¿Te interesa el texto completo? Solicitalo al correo: koha@justierradelfuego.gov.ar 091497aCODIGO CIVIL Y COMERCIAL 095817aINTELIGENCIA ARTIFICIAL 096081aCIENCIA Y TECNOLOGÍA 09273aDERECHO INFORMATICO0 0271393170dCiudad Autónoma de Buenos Aires : Thomson Reuters La Ley, 2015-tRevista Código Civil y Comercial. Nº 4 - Agosto 2025 2udccANA